Statistics for World Capitals By Letter - M

Click here to take the quiz!

General Stats

  • This quiz has been taken 73,961 times
  • The average score is 11 of 19

Answer Stats

CountryCapital City% Correct
SpainMadrid
87%
MexicoMexico City
83%
UruguayMontevideo
78%
RussiaMoscow
75%
BelarusMinsk
69%
MonacoMonaco
69%
PhilippinesManila
67%
NicaraguaManagua
56%
SomaliaMogadishu
55%
MozambiqueMaputo
54%
MaldivesMalé
52%
BahrainManama
50%
LiberiaMonrovia
48%
OmanMuscat
47%
EswatiniMbabane
40%
LesothoMaseru
39%
Equatorial GuineaMalabo
38%
Marshall IslandsMajuro
37%
ComorosMoroni
35%

Score Distribution

Percentile by Number Answered

Percent of People with Each Score

Your Score History

You have not taken this quiz